000 00309 a2200157 4500
001 175678
020 _a
040 _cMagnum
100 _aMurad, Jose Elias
240 1 0 _aDrogas
_lpor
245 1 0 _aDrogas
362 0 _a1899
440 1 _aLĂȘ
697 _aMAGNITO: CIENCIAS MEDICAS SAUD
942 _cBK
999 _c175678
_d175678